00472nam a2200217Ia 4500003000900000008004100009040001300050040001300063041000800076100002100084100001000105245003900115250000900154260001200163260000900175300001100184300001000195490000600205700002200211700002100233IT-RoPAU120407s9999 xx 000 0 und d aIT-RoPAU cIT-RoPAU aita aRoberto Cipriani ccoll. aSociologia del fenomeno religioso. aRoma aBulzoni c1974 a222 p. c21 cm v1 aFranco Ferrarotti aRoberto Cipriani